|
|
|
|
| LEADER |
00000cam a2200000 7i4500 |
| 001 |
0000019373 |
| 005 |
20080617.0 |
| 008 |
080616 |
| 020 |
|
|
|a 9836275975
|
| 090 |
0 |
0 |
|a 499.238
|b ZAB
|
| 100 |
0 |
|
|a Zainal Abidin Ahmad
|
| 245 |
1 |
0 |
|a llmu mengarang Melayu :
|b edisi ejaan rumi baharu
|c Zainal Abidin Ahmad (Za`ba) ; dengan pengenalan oleh Asmah Haji Omar
|
| 250 |
|
|
|a Edisi ejaan rumi baharu
|
| 260 |
|
|
|a Kuala Lumpur :
|b Dewan Bahasa dan Pustaka ,
|c 2002
|
| 650 |
|
0 |
|a Malay language
|x Composition and exercise
|
| 650 |
|
0 |
|a Malay language
|x Grammar
|
| 700 |
0 |
|
|a Asmah Haji Omar
|
| 999 |
|
|
|a 0001024959
|b Book
|c Adult Collection
|e Perbadanan Perpustakaan Awam Johor
|